| 000 | 00562nam a22002051a 4500 | ||
|---|---|---|---|
| 001 | 10724 | ||
| 003 | OSt | ||
| 005 | 20260204212210.0 | ||
| 008 | 100211s1994||||sp ||||||b||||||||||spa|| | ||
| 020 | _a8475842593 | ||
| 050 | _a371.1 C112p | ||
| 100 | _aCabrera, Flor | ||
| 245 | _aEl proceso lector y su evaluación / Flor Cabrera, Trinidad Donoso y Ma. Angeles Mari | ||
| 264 | _aEspaña : Laertes | ||
| 300 | _a220 p | ||
| 500 | _aIncluye bibliografía | ||
| 650 | _aPedagogía | ||
| 700 | _aDonoso, Trinidad II.Ángeles Marin, Ma.Ì | ||
| 942 |
_2ddc _cBK |
||
| 999 |
_c10724 _d10724 |
||